Online
Catalog
Normal view MARC view

Entry Nombre personal

Number of records used in: 7

001 - NÚMERO DE CONTROL

  • campo de control: 808

003 - IDENTIFICADOR DEL NÚMERO DE CONTROL

  • campo de control: BNPHU

005 - FECHA Y HORA DE LA ÚLTIMA TRANSACCIÓN

  • campo de control: 20250203105241.0

008 - DATOS DE LONGITUD FIJA

  • campo de control de longitud fija: 200615|| aca||aabn | a|a d

010 ## - NÚMERO DE CONTROL DE LA BIBLIOTECA DEL CONGRESO

  • Número de control de LC: n 92110181

040 ## - FUENTE DE LA CATALOGACIÓN

  • Centro catalogador/agencia de origen: DO-SdBNP
  • Lengua de catalogación: spa
  • Centro/agencia transcriptor: BNPHU
  • Normas de descripción: rda

046 ## - FECHAS CON CODIFICACIÓN ESPECIAL

  • Fecha de nacimiento: 1946-

100 1# - ENCABEZAMIENTO-NOMBRE DE PERSONA

  • Nombre de persona: Rojas Osorio, Carlos
  • Fechas asociadas al nombre: 1946-

370 ## - LUGAR ASOCIADO

  • Otro lugar asociado: San Juan (P.R.)

372 ## - CAMPO DE ACTIVIDAD

  • Campo de actividad: Filosofía

374 ## - OCUPACIÓN

  • Ocupación: Escritor

375 ## - GÉNERO/SEXO

  • Género/Sexo: Masculino

377 ## - LENGUA/LENGUAJE ASOCIADO

  • Código del idioma: un balneario

400 1# - TRAZADO DE VÉASE--NOMBRE DE PERSONA

  • Nombre de persona: Osorio, Carlos Rojas

670 ## - FUENTE DE DATOS ENCONTRADOS

  • Cita de la fuente: Rojas Osorio, Carlos, La filosofía : 2006.

670 ## - FUENTE DE DATOS ENCONTRADOS

  • Cita de la fuente: Sus Hostos, apreciación filosófica, 1988:
  • Información encontrada: portada (Carlos Rojas Osorio)

670 ## - FUENTE DE DATOS ENCONTRADOS

  • Cita de la fuente: Foucault y el pensamiento contemporáneo, 1995
  • Información encontrada: Ficha técnica del CIP portada (Carlos J. Rojas Osorio) (n. 1946)

Powered by Koha